Statistics for Biggest Cities in Illinois on a Map

Click here to take the quiz!

General Stats

  • This quiz has been taken 399 times
  • The average score is 8 of 10

Answers on the Map

Answers color-coded by a green-red scale on the quiz's map according to % correct below.
 

Answer Stats

PopulationCity% Correct
2,705,994Chicago
100%
114,694Springfield
97%
199,602Aurora
84%
146,526Rockford
82%
111,388Peoria
81%
148,304Naperville
77%
148,099Joliet
75%
88,029Champaign
71%
86,792Waukegan
59%
111,683Elgin
58%

Score Distribution

Percentile by Number Answered

Percent of People with Each Score

Your Score History

You have not taken this quiz